| 000 | 00365nam a2200121Ia 4500 | ||
|---|---|---|---|
| 008 | 170221s9999 xx 000 0 und d | ||
| 100 | _aAaron Bruhn | ||
| 245 | _aLessons About Best Interests Duty | ||
| 245 | _cAaron Bruhn and Michael Miller | ||
| 260 | _c2013 | ||
| 650 | _xBusiness | ||
| 856 | _uhttp://ro.uow.edu.au/cgi/viewcontent.cgi?article=1502&context=aabfj | ||
| 999 |
_c309614 _d309614 |
||